| 000 | 00524nam a2200181Ia 4500 | ||
|---|---|---|---|
| 005 | 20250317123401.0 | ||
| 008 | 008 250317s9999 xx 000 0 eng d | ||
| 037 | _aTextbook | ||
| 040 |
_aFMSL _beng _cFMSL |
||
| 041 |
_aeng _2eng |
||
| 084 |
_aB28 L1 _qFMSL |
||
| 100 |
_aKempthorne O _9735618 |
||
| 245 | 0 | _aProbality statistics and data analysis | |
| 260 |
_aLondon _bLondon, Iowa State University _c1971 |
||
| 300 | _a553p | ||
| 942 |
_cTB _hB28 L1 |
||
| 999 |
_c1251051 _d1251051 |
||